000 00318nab a22001097u 4500
008 130520b1986 xxu||||| |||| 00| 0 spa d
041 _aspa
100 1 _aBwana, S.
_967360
245 0 0 _aRepercusión del nuevo Código en Africa
_cS. Bwana
773 0 _tConcilium
_gV.1,1986,págs.437-443
_x0210-1041
_wRev134
942 _cAR
999 _c355181
_d355181